000 00895nam a2200301Ia 4500
003 OSt
005 20221006143249.0
006 a|||||r|||| 00| 0
007 ta
008 221006b |||||||| |||| 00| 0 eng d
020 _a9780674598423
_c
_26.45
024 _a8,495
037 _cTextual
040 _aEASL
_cEASL
_beng
041 _2eng
_aeng
082 _az41,N42, M9
100 _aFogel Joshua A
245 0 _aNakae Ushikichi in China
_b The mourning of spirit
260 _aCambridge
_bHarvard University Press
_c1989
300 _a313p.
_ccm.
490 _aHarvard East Asian monographs 139
650 _a CEL
650 _a China - study and teaching
_9649526
650 _a Sinologists - China - Biography
_9649527
650 _aSinologists - Japan - Biography
_9649528
942 _hz41,N42, M9
_cTEXL
_2CC
999 _c1076581
_d1076581